5 Lowest HDI Countries by Continent - Statistics

General Stats
  • This quiz has been taken 90 times
  • The average score is 16 of 30
Answer Stats
Hint HDI Country % Correct
Europe 0.699 Moldova
76%
South America 0.674 Bolivia
71%
North America 0.493 Haiti
71%
Europe 0.764 Albania
68%
Europe 0.743 Ukraine
68%
South America 0.725 Suriname
66%
Asia 0.479 Afghanistan
65%
Africa 0.352 Central African Republic
65%
South America 0.638 Guyana
65%
Europe 0.748 Macedonia
65%
South America 0.693 Paraguay
63%
Africa 0.396 Chad
58%
Africa 0.353 Niger
58%
North America 0.680 El Salvador
57%
North America 0.625 Honduras
57%
Oceania 0.515 Solomon Islands
56%
South America 0.727 Colombia
54%
North America 0.645 Nicaragua
54%
Oceania 0.588 Kiribati
53%
Asia 0.550 Pakistan
52%
Asia 0.482 Yemen
52%
North America 0.640 Guatemala
48%
Asia 0.536 Syria
48%
Oceania 0.597 Vanuatu
48%
Oceania 0.516 Papua New Guinea
43%
Oceania 0.638 Micronesia
39%
Africa 0.404 Burundi
38%
Asia 0.556 Myanmar
34%
Africa 0.402 Burkina Faso
29%
Europe 0.750 Bosnia and Herzegovina
18%
No matching quizzes found
Score Distribution
Percent of People with Each Score
Percentile by Number Answered
Your Score History
You have not taken this quiz